00470nam a2200181Ia 4500008004100000020001800041041000800059082001500067100001600082245004200098250001200140260002100152300000800173365001600181700003800197906003400235999001900269230714s9999 xx 000 0 und d a9790000000000 aeng a620.1bMER aMeriam J.L. aEngineering Mechanics Vol.II Dynamics a5th ed. c2009bJohn Wiley a710 cRs.b379.00 aMeriam J.L. & Kraige L.G.9190403 dB:703412-Dec-2008cSSb250.14 c195988d195988